Städte mit Bundesliga-Teams Kartenquiz - Statistiken

Allgemein
  • Dieses Quiz wurde 506 mal gespielt
  • Das Durchschnittsergebnis liegt bei 13 aus 17
Antworten auf der Karte
Die Antworten werden auf der Karte rot bzw. grün angezeigt, abhängig davon wie oft sie richtig erraten wurden.
 
Antwortstatistiken
Antwort % Korrekt
Munich
92%
Berlin
90%
Leipzig
89%
Frankfurt
87%
Freiburg im Breisgau
87%
Bremen
86%
Augsburg
83%
Mainz
80%
Wolfsburg
78%
Sinsheim
74%
Paderborn
73%
Dortmund
67%
Cologne
60%
Mönchengladbach
60%
Gelsenkirchen
56%
Düsseldorf
51%
Leverkusen
44%
Keine übereinstimmenden Quizze gefunden
Verteilung der Resultate
Anzahl Personen mit jedem Resultat
Perzentil nach korrekt beantworteten Fragen
Ihre Resultats-Entwicklung
Sie haben dieses Quiz noch nicht gespielt